Famous People Named Kelly - Statistics

General Stats
  • This quiz has been taken 60 times
  • The average score is 9 of 19
Answer Stats
Life Hint Person % Correct
1967– R&B singer of "I Believe I Can Fly" R. Kelly
84%
1929–1982 Hollywood actress who became Princess of Monaco Grace Kelly
80%
1912–1996 Legendary dancer and actor in Singin’ in the Rain Gene Kelly
77%
1982– First American Idol winner; pop star and talk show host Kelly Clarkson
77%
1984– Her father sang for Black Sabbath. Kelly Osbourne
77%
1895–1954 Prohibition-era gangster who used a Tommy gun Machine Gun Kelly
61%
1990– Colson Baker, rapper who has also done pop-punk Machine Gun Kelly
61%
1981– Member of Destiny’s Child; solo R&B artist Kelly Rowland
54%
1854–1880 Notorious Australian outlaw and folk hero Ned Kelly
52%
1957– Actress best known for Top Gun and Witness Kelly McGillis
48%
1962–2020 Jerry Maguire actress; wife of Travolta Kelly Preston
41%
1970– Morning talk show host, All My Children actress Kelly Ripa
34%
1972– Record-holding champion surfer Kelly Slater
27%
1970– Former Fox News and NBC journalist and anchor Megyn Kelly
27%
1974– Welsh musician, lead singer of Stereophonics Kelly Jones
16%
1961– Founded the Breeders with her sister Kim of the Pixies Kelley Deal
14%
1989– Rose Tico in the Star Wars sequel trilogy Kelly Marie Tran
13%
1977– British actress of Yellowstone and True Detective Kelly Reilly
13%
1944– Gilmore Girls matriarch; Baby's mother in Dirty Dancing Kelly Bishop
9%
No matching quizzes found
Score Distribution
Percent of People with Each Score
Percentile by Number Answered
Your Score History
You have not taken this quiz